00830ntm a22002177a 450000500170000000800410001704000280005808200170008610000250010324500440012826000120017230000280018450001800021259000230039265000390041565300230045465500090047794200080048699900170049495201010051120170809120637.0170802n xx a frb 000 0 eng d aEG-ScBUEbengcEG-ScBUE04222a624bman1 aMandour, Hend Kamal.10aDesign Thesis /cby Hend Kamal Mandour. c[200?]. a86 p. :bill. ;c28 cm. aA dissertation submitted to the faculty of engineering,the British university in Egypt. in partial Fulfilment of the requirements for the bachelor degree in civil Engineering. akarima abd elmajed 72BUEshaCivil EngineeringvProjects bENGCIVcAugust2017 vSPRO 2ddc c25104d25076 00102ddc4070aMAINbMAINc2NDd2017-08-03l0o624 manp000046302r2025-07-15 00:00:00yPROJST